=LDR 00000nam 2200000 4500 =001 INLIS000000000036834 =005 20130612142609 =008 ***********************************Ind** =035 ##$$a0010-061300000036834 =041 ##$$a Ind =082 ##$$a 641.865 4 =090 ##$$a 641.865 4, Apr s =100 ##$$a Apriladji, Wied Hanny =245 ##$$a Sukses bisnis kuliner memohon modal 100-200 ribu hidangan populer, Wied Harry Apriadji =260 ##$$a 2010 $b Jakarta =300 ##$$a 100 hlm, ilus, 21 cm =650 ##$$a Kue-resep =850 ##$$a NBPNMAT =990 ##$$a 0001/BPAP-NTB/20142014